[Event "GER-ch (Women) op"]
[Site "Augsburg"]
[Date "2024.03.10"]
[Round "9"]
[White "Videnova, Iva"]
[Black "Kulon, Klaudia"]
[Result "0-1"]
[WhiteElo "2325"]
[BlackElo "2335"]
[PlyCount "62"]
[EventDate "2024.03.06"]
[EventType "swiss"]
[EventRounds "9"]
[EventCountry "GER"]
[SourceTitle "CB12_2024"]
[SourceDate "2023.10.01"]
[SourceVersion "1"]
[SourceVersionDate "2023.10.01"]
[SourceQuality "1"]

1. e4 c5 2. Nf3 d6 3. d4 cxd4 4. Nxd4 Nf6 5. Nc3 Nc6 6. Bg5 e6 7. Qd2 a6 8. 0-0-0 Bd7 9. f4 b5 10. Bxf6 gxf6 11. Kb1 b4 12. Nce2 Qb6 13. Nxc6 Bxc6 14. f5 e5 15. Ng3 h5 16. h4 Qc5 17. Qe2 Ke7 18. Qe1 a5 19. Be2 Bh6 20. Rh3 a4 21. Bd3 Rhg8 22. Qe2 a3 23. Bc4 Rg4 24. Bd5 Rc8 25. Bb3 Be3 26. Nf1 Bd4 27. Nh2 Rxe4 28. Qxh5 Bd5 29. Qf3 Bxb3 30. Qxb3 Re2 31. bxa3 Rxc2 0-1

[Event "GER-ch (Women) op"]
[Site "Augsburg"]
[Date "2024.03.07"]
[Round "3"]
[White "Moncayo Romero, Evelyn"]
[Black "Videnova, Iva"]
[Result "0-1"]
[WhiteElo "2095"]
[BlackElo "2325"]
[PlyCount "94"]
[EventDate "2024.03.06"]
[EventType "swiss"]
[EventRounds "9"]
[EventCountry "GER"]
[SourceTitle "CB12_2024"]
[SourceDate "2023.10.01"]
[SourceVersion "1"]
[SourceVersionDate "2023.10.01"]
[SourceQuality "1"]

1. e4 e5 2. Nf3 Nc6 3. Bb5 a6 4. Ba4 Nf6 5. 0-0 Be7 6. d3 b5 7. Bb3 d6 8. a4 Rb8 9. Nc3 Bg4 10. axb5 axb5 11. h3 Bxf3 12. Qxf3 Nd4 13. Qd1 0-0 14. Ba2 h6 15. Be3 b4 16. Bxd4 exd4 17. Ne2 c5 18. Nf4 Kh7 19. Nd5 Nd7 20. f4 g6 21. Bb3 Bf6 22. Ra7 Bg7 23. Qg4 Nf6 24. Nxf6+ Qxf6 25. e5 dxe5 26. fxe5 Qxe5 27. Bxf7 Rb6 28. Qd7 Kh8 29. Qg4 h5 30. Qd7 Qe3+ 31. Kh1 Rf6 32. Rfa1 R6xf7 33. Qxf7 Rxf7 34. Rxf7 Kg8 35. Rb7 Bf8 36. Ra8 Qc1+ 37. Kh2 Qxc2 38. Rbb8 Qxd3 39. Rxf8+ Kg7 40. Rf3 Qe2 41. Ra7+ Kh6 42. h4 Qe4 43. Ra6 Qxh4+ 44. Kg1 Qe1+ 45. Kh2 Qe5+ 46. Kh3 d3 47. Rff6 Qe4 0-1

[Event "Shumen Stojan Ivanov Memorial"]
[Site "Shumen"]
[Date "2023.07.29"]
[Round "5"]
[White "Videnova, Iva"]
[Black "Dimitrov, Radoslav"]
[Result "0-1"]
[WhiteElo "2319"]
[BlackElo "2457"]
[PlyCount "84"]
[EventDate "2023.07.28"]
[EventType "swiss (rapid)"]
[EventRounds "11"]
[EventCountry "BUL"]
[SourceTitle "CBM 215 Extra"]
[Source "ChessBase"]
[SourceDate "2023.09.30"]
[SourceVersion "1"]
[SourceVersionDate "2023.09.30"]
[SourceQuality "1"]

1. e4 Nf6 2. e5 Nd5 3. c4 Nb6 4. a4 a5 5. d4 d6 6. exd6 exd6 7. Nc3 Be7 8. Nf3 Na6 9. Be3 Nb4 10. Be2 Bf5 11. Rc1 d5 12. b3 0-0 13. 0-0 c6 14. h3 Be6 15. c5 Nd7 16. Bf4 b6 17. cxb6 Qxb6 18. Re1 Rfe8 19. Ng5 Bf5 20. g4 Bg6 21. h4 h6 22. Nf3 Nf8 23. h5 Bh7 24. Ne5 Ne6 25. Be3 Bg5 26. Rf1 Bf4 27. Bxf4 Nxf4 28. Qd2 Ne6 29. Nf3 Be4 30. Rfd1 Rad8 31. Nh4 Bh7 32. Ng2 Ng5 33. f4 Nh3+ 34. Kh2 Nf2 35. Rf1 Nfd3 36. Rb1 Qxd4 37. f5 Qe5+ 38. Kh1 d4 39. Bxd3 dxc3 40. Qe1 Qxe1 41. Nxe1 Nxd3 42. Nxd3 Rxd3 0-1

[Event "CRO-chT (Women) 30th"]
[Site "Porec"]
[Date "2022.09.28"]
[Round "6.2"]
[White "Kejzar, Petra"]
[Black "Videnova, Iva"]
[Result "1-0"]
[WhiteElo "2120"]
[BlackElo "2336"]
[PlyCount "111"]
[EventDate "2022.09.24"]
[EventType "team-tourn"]
[EventRounds "9"]
[EventCountry "CRO"]
[SourceTitle "CBM 210 Extra"]
[Source "ChessBase"]
[SourceDate "2022.11.30"]
[SourceVersion "1"]
[SourceVersionDate "2022.11.30"]
[SourceQuality "1"]
[WhiteTeam "Velimirovac Radnik (W)"]
[BlackTeam "Rijeka Liburnija (W)"]
[WhiteTeamCountry "CRO"]
[BlackTeamCountry "CRO"]

1. d4 Nf6 2. c4 g6 3. g3 Bg7 4. Bg2 c5 5. d5 d6 6. Nc3 0-0 7. e4 e6 8. dxe6 fxe6 9. e5 dxe5 10. Qxd8 Rxd8 11. Be3 Na6 12. Nf3 e4 13. Ng5 Ng4 14. Ke2 Bd7 15. Bxe4 Ne5 16. Rab1 Nc6 17. Nb5 Bf6 18. h4 Kg7 19. Rhd1 h6 20. Nf3 Rab8 21. Rd2 e5 22. Rd6 Nd4+ 23. Nbxd4 exd4 24. Bxh6+ Kf7 25. Bg5 Be6 26. Bxg6+ Ke7 27. Rxd8 Bxc4+ 28. Kd2 Bxg5+ 29. Nxg5 Rxd8 30. Re1+ Kf6 31. Bb1 Bd5 32. f4 c4 33. Be4 Bxe4 34. Rxe4 Nc5 35. Re5 Nd3 36. Ne4+ Kf7 37. Rb5 b6 38. b3 Nb2 39. bxc4 Nxc4+ 40. Kd3 Ne3 41. Ng5+ Kf6 42. Nf3 Nd1 43. Nxd4 Nf2+ 44. Ke2 Ne4 45. Rf5+ Kg6 46. Ke3 Rxd4 47. Re5 Ra4 48. Rxe4 Rxa2 49. g4 b5 50. h5+ Kf7 51. g5 a5 52. h6 a4 53. f5 Rh2 54. g6+ Kf6 55. g7 Rg2 56. Re8 1-0

[Event "CRO-chT (Women) 30th"]
[Site "Porec"]
[Date "2022.09.25"]
[Round "3.4"]
[White "Videnova, Iva"]
[Black "Berke, Ana"]
[Result "1-0"]
[WhiteElo "2336"]
[BlackElo "2176"]
[PlyCount "95"]
[EventDate "2022.09.24"]
[EventType "team-tourn"]
[EventRounds "9"]
[EventCountry "CRO"]
[SourceTitle "CBM 210 Extra"]
[Source "ChessBase"]
[SourceDate "2022.11.30"]
[SourceVersion "1"]
[SourceVersionDate "2022.11.30"]
[SourceQuality "1"]
[WhiteTeam "Rijeka Liburnija (W)"]
[BlackTeam "Rijeka Draga (W)"]
[WhiteTeamCountry "CRO"]
[BlackTeamCountry "CRO"]

1. e4 e5 2. Nf3 Nc6 3. Bb5 a6 4. Bxc6 dxc6 5. 0-0 Bg4 6. h3 Bh5 7. d3 Bd6 8. Nbd2 Qe7 9. Nc4 Nf6 10. Bd2 0-0-0 11. Rb1 Rhg8 12. Ne3 Qd7 13. Nf5 g5 14. g4 Nxg4 15. hxg4 Bxg4 16. Nxe5 Bxd1 17. Nxd7 Bxc2 18. Nxd6+ cxd6 19. Nb6+ Kb8 20. Rbc1 Bxd3 21. Rfe1 f5 22. exf5 Bxf5 23. Re7 d5 24. Na4 h5 25. Ba5 Rde8 26. Rce1 Be4 27. Bc7+ Ka8 28. Rxe8+ Rxe8 29. f3 Bg6 30. Rxe8+ Bxe8 31. Nb6+ Ka7 32. Nc8+ Ka8 33. Nd6 Bg6 34. Bd8 g4 35. f4 Bb1 36. a3 b5 37. f5 Ba2 38. Bb6 Bb1 39. f6 Bg6 40. f7 Bxf7 41. Nxf7 Kb7 42. Bc5 Kc7 43. Ne5 a5 44. b4 a4 45. Kg2 d4 46. Kg3 d3 47. Nxd3 Kd7 48. Ne5+ 1-0

[Event "CRO-chT (Women) 29th"]
[Site "Mali Losinj"]
[Date "2021.09.28"]
[Round "4.3"]
[White "Videnova, Iva"]
[Black "Berke, Ana"]
[Result "1-0"]
[WhiteElo "2322"]
[BlackElo "2160"]
[PlyCount "55"]
[EventDate "2021.09.25"]
[EventType "team-tourn"]
[EventRounds "9"]
[EventCountry "CRO"]
[SourceTitle "CBM 204 Extra"]
[Source "ChessBase"]
[SourceDate "2021.11.30"]
[SourceVersion "1"]
[SourceVersionDate "2021.11.30"]
[SourceQuality "1"]
[WhiteTeam "Rijeka Liburnija (W)"]
[BlackTeam "Rijeka Draga (W)"]
[WhiteTeamCountry "CRO"]
[BlackTeamCountry "CRO"]

1. e4 c5 2. Nf3 d6 3. d4 cxd4 4. Nxd4 Nf6 5. Nc3 Nc6 6. Bg5 Bd7 7. Qd2 a6 8. 0-0-0 e6 9. f4 Be7 10. Nf3 b5 11. Bxf6 gxf6 12. Kb1 Rb8 13. Bd3 b4 14. Ne2 a5 15. Ned4 Qb6 16. Bb5 Qc5 17. Bxc6 Bxc6 18. Nxc6 Qxc6 19. f5 0-0 20. Nd4 Qd7 21. Qh6 Kh8 22. Rd3 Rg8 23. Rh3 Rg7 24. Rd1 a4 25. Rdd3 a3 26. e5 Qd8 27. Rdg3 Qg8 28. exf6 1-0

[Event "CRO-chT (Women) 29th"]
[Site "Mali Losinj"]
[Date "2021.09.27"]
[Round "3.42"]
[White "Smetisko, Marija"]
[Black "Videnova, Iva"]
[Result "0-1"]
[WhiteElo "1851"]
[BlackElo "2322"]
[PlyCount "40"]
[EventDate "2021.09.25"]
[EventType "team-tourn"]
[EventRounds "9"]
[EventCountry "CRO"]
[SourceTitle "CBM 204 Extra"]
[Source "ChessBase"]
[SourceDate "2021.11.30"]
[SourceVersion "1"]
[SourceVersionDate "2021.11.30"]
[SourceQuality "1"]
[WhiteTeam "Djurdjevac Picok (W)"]
[BlackTeam "Rijeka Liburnija (W)"]
[WhiteTeamCountry "CRO"]
[BlackTeamCountry "CRO"]

1. e4 e5 2. Nf3 Nc6 3. Bc4 Nf6 4. Ng5 d5 5. exd5 Na5 6. Bb5+ c6 7. dxc6 bxc6 8. Bd3 Nd5 9. Nxh7 Nf4 10. Nxf8 Nxg2+ 11. Kf1 Bh3 12. Qf3 Nf4+ 13. Ke1 Bg2 14. Qg3 Bxh1 15. Ng6 Nxd3+ 16. cxd3 fxg6 17. Qxg6+ Kf8 18. b4 Nb7 19. b5 Qf6 20. Ba3+ c5 0-1

[Event "EU-ch blitz"]
[Site "Skopje"]
[Date "2018.12.06"]
[Round "4"]
[White "Videnova, Iva"]
[Black "Demchenko, Anton"]
[Result "0-1"]
[WhiteElo "2322"]
[BlackElo "2679"]
[PlyCount "120"]
[EventDate "2018.12.06"]
[EventType "swiss (blitz)"]
[EventRounds "22"]
[EventCountry "MKD"]
[SourceTitle "CBM 187 Extra"]
[Source "ChessBase"]
[SourceDate "2018.11.04"]
[SourceVersion "1"]
[SourceVersionDate "2018.11.04"]
[SourceQuality "1"]

1. e4 c5 2. Nf3 Nc6 3. d4 cxd4 4. Nxd4 Nf6 5. Nc3 d6 6. Bg5 e6 7. Qd2 a6 8. 0-0-0 Be7 9. f4 Bd7 10. Kb1 b5 11. Bxf6 Bxf6 12. Nxc6 Bxc6 13. Qxd6 Qxd6 14. Rxd6 Rc8 15. e5 Be7 16. Rd2 g5 17. Bd3 gxf4 18. Rf2 Bc5 19. Rxf4 Bxg2 20. Re1 Rc7 21. Be4 Bxe4 22. Nxe4 Be7 23. Ref1 Rf8 24. c3 Rd7 25. Kc2 Rd5 26. Nf6+ Bxf6 27. exf6 Rg8 28. R1f2 Kd7 29. a4 Kd6 30. axb5 axb5 31. Rh4 h5 32. Rb4 Rg4 33. Kb3 Kc5 34. Rxg4 hxg4 35. Rg2 Rg5 36. h4 Rg6 37. h5 Rxf6 38. Rxg4 Rh6 39. Rh4 f5 40. Kc2 e5 41. Kd3 Kd5 42. b3 Ke6 43. Ke3 Kf6 44. Rb4 Rxh5 45. Rxb5 Rh3+ 46. Kd2 e4 47. Rb8 Ke5 48. b4 Rh2+ 49. Kd1 f4 50. Re8+ Kd5 51. b5 f3 52. b6 Rb2 53. Rd8+ Ke5 54. Re8+ Kf4 55. Re6 Ke3 56. c4 Kd3 57. Kc1 Rc2+ 58. Kb1 Rxc4 59. Rd6+ Ke2 60. Ka2 f2 0-1

[Event "CRO-chT (Women) 27th"]
[Site "Biograd"]
[Date "2018.09.15"]
[Round "9.21"]
[White "Videnova, Iva"]
[Black "Nikolova, Adriana"]
[Result "1/2-1/2"]
[WhiteElo "2336"]
[BlackElo "2281"]
[PlyCount "191"]
[EventDate "2018.09.08"]
[EventType "team-tourn"]
[EventRounds "9"]
[EventCountry "CRO"]
[SourceTitle "CBM 186 Extra"]
[Source "ChessBase"]
[SourceDate "2018.08.24"]
[SourceVersion "1"]
[SourceVersionDate "2018.08.24"]
[SourceQuality "1"]
[WhiteTeam "Rijeka Liburnija (W)"]
[BlackTeam "Rijeka Draga (W)"]
[WhiteTeamCountry "CRO"]
[BlackTeamCountry "CRO"]

1. e4 c6 2. Nf3 d5 3. exd5 cxd5 4. Ne5 Nf6 5. d4 g6 6. Bb5+ Nbd7 7. c3 Bg7 8. 0-0 0-0 9. Nf3 Ne4 10. Nbd2 Ndf6 11. h3 Nxd2 12. Bxd2 Ne4 13. Bf4 Qb6 14. Qe2 Bf5 15. Bd3 Rfe8 16. a4 a5 17. Bb5 Red8 18. Rfe1 Bf6 19. Be5 Bxe5 20. dxe5 Bd7 21. Bxd7 Rxd7 22. Nd4 e6 23. Red1 Rc8 24. h4 Rc4 25. g3 Qc7 26. Nf3 Qb6 27. Kg2 Qc7 28. Qe3 Kg7 29. h5 h6 30. Rd4 g5 31. Rad1 f6 32. exf6+ Kxf6 33. Nh2 Kg7 34. Ng4 Re7 35. Rxc4 Qxc4 36. f3 Nf6 37. Qe5 Rf7 38. Re1 Qxa4 39. Re2 Qc6 40. Qd4 Qc4 41. Qxc4 dxc4 42. Rxe6 Nxg4 43. Rg6+ Kh7 44. fxg4 b5 45. Rb6 b4 46. cxb4 axb4 47. Rxb4 Rc7 48. Kf3 c3 49. bxc3 Rxc3+ 50. Ke4 Rc5 51. Rb7+ Kg8 52. Rd7 Ra5 53. Re7 Rb5 54. Re5 Rb1 55. Kf5 Kf7 56. Rc5 Rf1+ 57. Ke4 Re1+ 58. Kf3 Re6 59. Rc7+ Kf6 60. Rh7 Ke5 61. Ke3 Ra6 62. Re7+ Kd5 63. Rd7+ Ke5 64. Rd3 Ra4 65. Kf3 Ra6 66. Rb3 Kf6 67. Rc3 Rb6 68. Rd3 Ke5 69. Ke3 Rb4 70. Kf3 Rb6 71. Ra3 Kf6 72. Re3 Ra6 73. Rb3 Ke5 74. Rb5+ Ke6 75. Rb7 Ra3+ 76. Kg2 Ra2+ 77. Kh3 Ra6 78. Rg7 Ke5 79. Rg8 Rb6 80. Rh8 Ra6 81. Kg2 Ra2+ 82. Kf3 Ra3+ 83. Kf2 Ra2+ 84. Kf3 Ra3+ 85. Kg2 Ra2+ 86. Kh3 Ra6 87. Rf8 Rb6 88. Rf5+ Ke6 89. Rc5 Ra6 90. Kg2 Kf6 91. Rc3 Ke5 92. Kf3 Rb6 93. Rc5+ Ke6 94. Ke3 Rb3+ 95. Ke4 Rb4+ 96. Kf3 1/2-1/2

[Event "CRO-chT (Women) 27th"]
[Site "Biograd"]
[Date "2018.09.14"]
[Round "8.41"]
[White "Janzelj, Lara"]
[Black "Videnova, Iva"]
[Result "1-0"]
[WhiteElo "2254"]
[BlackElo "2336"]
[PlyCount "143"]
[EventDate "2018.09.08"]
[EventType "team-tourn"]
[EventRounds "9"]
[EventCountry "CRO"]
[SourceTitle "CBM 186 Extra"]
[Source "ChessBase"]
[SourceDate "2018.08.24"]
[SourceVersion "1"]
[SourceVersionDate "2018.08.24"]
[SourceQuality "1"]
[WhiteTeam "Novo Virje Konaki (W)"]
[BlackTeam "Rijeka Liburnija (W)"]
[WhiteTeamCountry "CRO"]
[BlackTeamCountry "CRO"]

1. d4 Nf6 2. Nc3 d5 3. Bf4 g6 4. Qd2 Bg7 5. Bh6 Bxh6 6. Qxh6 c5 7. dxc5 Qa5 8. 0-0-0 Qxc5 9. Nf3 Nc6 10. Qd2 Qxf2 11. Nxd5 Nxd5 12. Qxd5 Be6 13. Qg5 h6 14. Qf4 Qc5 15. a3 Rc8 16. Rd2 g5 17. Qe4 b6 18. Nd4 Qc4 19. e3 Qa2 20. c3 Bd5 21. Qf5 e6 22. Qf6 0-0 23. Bd3 Nxd4 24. exd4 Rc7 25. Bb1 Qa1 26. Qxh6 f6 27. Re1 Bb3 28. Re3 Ba2 29. Qg6+ Rg7 30. Qc2 Rc8 31. Rf2 f5 32. Rf1 Rd7 33. Rd1 b5 34. Rg3 g4 35. h3 Rg7 36. Kd2 Bd5 37. hxg4 b4 38. axb4 Qa6 39. Qd3 Qd6 40. Re1 Rf8 41. Re5 Be4 42. Rxe4 fxe4 43. Qe3 Rf4 44. Rh3 e5 45. Ba2+ Kf8 46. g3 Rfxg4 47. Qf2+ Ke7 48. Rh8 e3+ 49. Qxe3 Rxg3 50. Qxe5+ Qxe5 51. dxe5 Rg2+ 52. Kd3 Rxb2 53. Bd5 Rg3+ 54. Kc4 Rc2 55. Rh7+ Kf8 56. Kc5 Rgxc3+ 57. Kd6 Ra3 58. b5 Rd2 59. Rf7+ Ke8 60. Rg7 Rxd5+ 61. Kxd5 Kd8 62. Ke6 Ra1 63. Rd7+ Ke8 64. Rh7 Kf8 65. Rc7 Rb1 66. Rb7 Ra1 67. Rb8+ Kg7 68. Ke7 Rb1 69. Rb7 Kg8 70. e6 Rb2 71. Ke8 Rb1 72. e7 1-0

[Event "GRE-chT 46th"]
[Site "Rio Achaia"]
[Date "2018.07.11"]
[Round "3.7"]
[White "Borosova, Zuzana"]
[Black "Videnova, Iva"]
[Result "0-1"]
[WhiteElo "2292"]
[BlackElo "2369"]
[PlyCount "422"]
[EventDate "2018.07.10"]
[EventType "team"]
[EventRounds "7"]
[EventCountry "GRE"]
[SourceTitle "CBM 185 Extra"]
[Source "ChessBase"]
[SourceDate "2018.07.29"]
[SourceVersion "1"]
[SourceVersionDate "2018.07.29"]
[SourceQuality "1"]
[WhiteTeam "OFI"]
[BlackTeam "Pefkis"]
[WhiteTeamCountry "GRE"]
[BlackTeamCountry "GRE"]

1. Nf3 c5 2. c4 g6 3. d4 cxd4 4. Nxd4 Nf6 5. Nc3 Nc6 6. e4 d6 7. Be2 Nxd4 8. Qxd4 Bg7 9. Bg5 0-0 10. 0-0 a5 11. Rac1 a4 12. Rfd1 h6 13. Bxf6 Bxf6 14. Qe3 Ra5 15. Qd2 Be6 16. Nd5 Bxd5 17. exd5 Bg5 18. f4 Bf6 19. Rc2 Qb6+ 20. Kh1 Rc5 21. Bd3 Qa5 22. Qxa5 Rxa5 23. Be2 Rc8 24. Rcd2 Rcc5 25. Kg1 Ra6 26. b4 axb3 27. axb3 Bc3 28. Rc2 Bb4 29. Rb2 Rca5 30. Kf2 Ra3 31. Rd3 Ra1 32. Rd1 R1a3 33. Rd3 Kg7 34. g4 Ra1 35. Rd1 R1a3 36. Rd3 R6a5 37. Kf3 Ra1 38. Rd1 Rxd1 39. Bxd1 Ra1 40. Be2 Kf6 41. Bd3 g5 42. fxg5+ hxg5 43. Re2 Rf1+ 44. Kg2 Rd1 45. Bc2 Rc1 46. Kf3 Bc5 47. Kg2 Rg1+ 48. Kf3 b6 49. Bf5 Rc1 50. Bc2 Rf1+ 51. Kg2 Rg1+ 52. Kf3 Bd4 53. Rg2 Rh1 54. Re2 Be5 55. b4 Bc3 56. b5 Be5 57. Rf2 Bf4 58. Re2 Be5 59. Bd3 Ra1 60. Bc2 Ra3+ 61. Re3 Ra8 62. h3 Ra2 63. Re2 Ra1 64. Kg2 Bf4 65. Rf2 Ra3 66. Rf3 Ra2 67. Rf2 Kg7 68. Bd1 Ra1 69. Be2 Be3 70. Rf1 Ra2 71. Kf3 Bd4 72. Rd1 Be5 73. Bf1 Kf6 74. Bd3 Ra3 75. Ke4 e6 76. Rf1+ Bf4 77. Rd1 Ra2 78. Bf1 Rf2 79. dxe6 fxe6 80. Kd3 Rb2 81. Ke4 Rb4 82. Kf3 Be5 83. Bd3 Rb3 84. Ke4 Ke7 85. Rd2 Bf4 86. Rd1 Rb4 87. Kf3 Be5 88. Ke4 Bf6 89. Ke3 Rb2 90. Bf1 Be5 91. Kf3 Rb3+ 92. Bd3 d5 93. cxd5 exd5 94. Ke3 Kd6 95. Rb1 Ra3 96. Kd2 Kc5 97. Ke3 Bf4+ 98. Ke2 Kd4 99. Rd1 Ke5 100. Kf3 Rb3 101. Ke2 Rb2+ 102. Kf3 Rb3 103. Ke2 d4 104. Ra1 Rb2+ 105. Kf3 Rd2 106. Bf1 Be3 107. Be2 Bf4 108. Rd1 Rb2 109. Bc4 Be3 110. Be2 Ra2 111. Rd3 Ra8 112. Rd1 Rf8+ 113. Kg3 Bf4+ 114. Kf3 Kd5 115. Bd3 Re8 116. Bf1 Re3+ 117. Kf2 Bg3+ 118. Kg1 Bd6 119. Kf2 Bg3+ 120. Kg1 Ke4 121. Bg2+ Ke5 122. Bf1 Bf4 123. Kf2 Rb3 124. Bd3 Rb2+ 125. Kf3 Be3 126. Be2 Kd5 127. Rd3 Kc5 128. Rd1 Bd2 129. Ke4 Bc3 130. Kf3 Kb4 131. Bd3 Bd2 132. Ke4 Be3 133. Rb1 Rxb1 134. Bxb1 Kxb5 135. Kd3 Kc5 136. Ba2 Kb4 137. Be6 Ka3 138. Bd7 Kb4 139. Be8 Kc5 140. Bd7 Kd5 141. Bb5 Ke5 142. Kc2 Kf4 143. Bf1 Kf3 144. Bc4 Kg2 145. Be6 Kxh3 146. Bd7 Kg3 147. Kd3 Kf3 148. Kc2 Bf2 149. Kd2 Ke4 150. Bc6+ Ke5 151. Kd3 Be1 152. Bb5 Kd5 153. Bd7 Kc5 154. Be8 Kd5 155. Bb5 Ke5 156. Ba4 Bb4 157. Bb5 Kf4 158. Bd7 Bc5 159. Ke2 Ke4 160. Bc6+ Ke5 161. Bb5 Kf4 162. Bd7 Be7 163. Kd3 Bf6 164. Ke2 Kg3 165. Kd2 Kf3 166. Kd3 Be5 167. Kd2 Bd6 168. Kd3 Bc5 169. Kd2 Bb4+ 170. Kd3 Bc3 171. Kc2 b5 172. Bxb5 Kxg4 173. Kd3 Kf3 174. Bc6+ Kg3 175. Ke2 g4 176. Bd7 Kh4 177. Bc6 Ba5 178. Bb7 Bb6 179. Bc6 Kh3 180. Bd7 Kg3 181. Bc8 Kf4 182. Bb7 Bc5 183. Bc6 Ba3 184. Bb7 Bc1 185. Bc6 Be3 186. Bb7 Ke5 187. Bc8 g3 188. Bb7 Kd6 189. Bg2 Kc5 190. Kd3 Kb4 191. Bd5 Bf2 192. Bg2 Kb3 193. Kd2 Be3+ 194. Kd3 Kb2 195. Ke2 Kc3 196. Bf3 Bf4 197. Be4 Bc7 198. Bf5 Bd8 199. Be4 Bh4 200. Bg2 d3+ 201. Kd1 Kd4 202. Kd2 Bg5+ 203. Ke1 Bd8 204. Bh3 Ba5+ 205. Kf1 Kc3 206. Bg4 d2 207. Bd1 Kb2 208. Ba4 Kc1 209. Ke2 Bb6 210. Kf3 Bf2 211. Ke2 Be1 0-1

[Event "Pleven Bulgaria Champs (Women)"]
[Site "Pleven"]
[Date "2018.05.18"]
[Round "6"]
[White "Videnova, Iva"]
[Black "Genova, Liubka"]
[Result "1-0"]
[WhiteElo "2345"]
[BlackElo "2202"]
[PlyCount "87"]
[EventDate "2018.05.14"]
[EventType "tourn"]
[EventRounds "9"]
[EventCountry "BUL"]
[SourceTitle "CBM 184 Extra"]
[Source "ChessBase"]
[SourceDate "2018.06.28"]
[SourceVersion "1"]
[SourceVersionDate "2018.06.28"]
[SourceQuality "1"]

1. e4 c5 2. Nf3 e6 3. d4 cxd4 4. Nxd4 Nc6 5. Nc3 Qc7 6. Be3 a6 7. Qf3 Nf6 8. 0-0-0 Be7 9. Be2 Nxd4 10. Bxd4 e5 11. Qg3 d6 12. Qxg7 Rf8 13. Be3 Be6 14. Nd5 Bxd5 15. exd5 Rc8 16. c4 b5 17. c5 Qd7 18. Kb1 Rg8 19. Qh6 Qf5+ 20. Bd3 e4 21. Bc2 Nxd5 22. Rxd5 Qxd5 23. Qxh7 Rg6 24. Rd1 Qe6 25. Bb3 Qf6 26. Qh3 Rc7 27. Rd5 Qg7 28. Rh5 Rxg2 29. Rh7 Rg1+ 30. Kc2 Qg4 31. Bxf7+ Kd7 32. Qxg4+ Rxg4 33. Kd2 dxc5 34. Rh6 Rh4 35. Rxa6 Bd6 36. Bd5 Rg4 37. h3 Rh4 38. Ke2 Rxh3 39. Bxe4 Rh4 40. Bf5+ Ke8 41. Rxd6 c4 42. Bg5 Rh1 43. Be6 Kf8 44. Bf6 1-0

[Event "Pleven Bulgaria Champs (Women)"]
[Site "Pleven"]
[Date "2018.05.16"]
[Round "3"]
[White "Nikolova, Adriana"]
[Black "Videnova, Iva"]
[Result "0-1"]
[WhiteElo "2275"]
[BlackElo "2345"]
[PlyCount "128"]
[EventDate "2018.05.14"]
[EventType "tourn"]
[EventRounds "9"]
[EventCountry "BUL"]
[SourceTitle "CBM 184 Extra"]
[Source "ChessBase"]
[SourceDate "2018.06.28"]
[SourceVersion "1"]
[SourceVersionDate "2018.06.28"]
[SourceQuality "1"]

1. e4 c5 2. Nf3 e6 3. c3 d5 4. exd5 Qxd5 5. d4 Nf6 6. Na3 Nc6 7. Nb5 Qd8 8. dxc5 Bxc5 9. Qxd8+ Kxd8 10. b4 Bb6 11. Nd6 Ke7 12. Nc4 Ne4 13. Nxb6 axb6 14. Bb2 f6 15. Bd3 Nd6 16. a4 e5 17. Nd2 Be6 18. Ke2 Kf7 19. h4 h5 20. f3 Rhd8 21. Rhg1 Ne7 22. g3 Rd7 23. Rg2 Rad8 24. Bc1 Rc8 25. Ra3 Nd5 26. Bb2 Rdc7 27. Nb1 Nf5 28. Rg1 Nxg3+ 29. Rxg3 Nf4+ 30. Ke3 Nxd3 31. Kxd3 Bf5+ 32. Ke3 Bxb1 33. a5 b5 34. Rg1 Bf5 35. Rd1 Rd7 36. Rxd7+ Bxd7 37. Ra1 Rc4 38. Rh1 Rf4 39. Rh2 Bc6 40. Rh3 Bd5 41. Bc1 Rc4 42. Bd2 Ke6 43. Kd3 Bxf3 44. Be3 Bg4 45. Rh2 Bf5+ 46. Kd2 Rc7 47. Rg2 Rd7+ 48. Kc1 Bd3 49. Bc5 g6 50. Be3 Kf7 51. Rd2 Ke6 52. Rg2 Be4 53. Rh2 Rc7 54. Kd2 f5 55. Bg5 f4 56. Re2 Kf5 57. Re1 Rd7+ 58. Ke2 Bd3+ 59. Kf2 e4 60. Ra1 e3+ 61. Ke1 Ke4 62. a6 f3 63. Bxe3 Kxe3 64. Ra2 Be2 0-1

[Event "Pleven Bulgaria Champs (Women)"]
[Site "Pleven"]
[Date "2018.05.15"]
[Round "2"]
[White "Videnova, Iva"]
[Black "Antova, Gabriela"]
[Result "1-0"]
[WhiteElo "2345"]
[BlackElo "2270"]
[PlyCount "111"]
[EventDate "2018.05.14"]
[EventType "tourn"]
[EventRounds "9"]
[EventCountry "BUL"]
[SourceTitle "CBM 184 Extra"]
[Source "ChessBase"]
[SourceDate "2018.06.28"]
[SourceVersion "1"]
[SourceVersionDate "2018.06.28"]
[SourceQuality "1"]

1. e4 c5 2. Nf3 d6 3. d4 cxd4 4. Nxd4 Nf6 5. Nc3 a6 6. Bg5 e6 7. f4 h6 8. Bh4 Qb6 9. Qd2 Qxb2 10. Rb1 Qa3 11. e5 dxe5 12. fxe5 Nfd7 13. Be2 Qa5 14. Nxe6 g5 15. Nxf8 Nxf8 16. Bf2 Nbd7 17. h4 Rg8 18. hxg5 Rxg5 19. Nd5 Qxd2+ 20. Kxd2 Rxg2 21. Ke1 Ne6 22. Rxh6 Kf8 23. Rb3 b5 24. Bh4 Bb7 25. Bf3 Rg1+ 26. Kf2 Rg8 27. Ne7 Bxf3 28. Nxg8 Nxe5 29. Nf6 Bb7 30. Rh8+ Kg7 31. Rxa8 Bxa8 32. Rg3+ Ng6 33. Nd7 Be4 34. Bf6+ Kh7 35. c3 Nef4 36. Bd4 Nd5 37. Rh3+ Kg8 38. Nf6+ Nxf6 39. Bxf6 Kf8 40. a3 Bf5 41. Rh1 Ke8 42. Rd1 Bd7 43. Rd6 Nf4 44. Rxa6 Be6 45. Rd6 Bd7 46. Rb6 Be6 47. Rxb5 Nd5 48. Bd4 Kd7 49. a4 Kc6 50. Rb8 f6 51. a5 Kc7 52. Rb2 Bc8 53. c4 Ne7 54. Bxf6 Nc6 55. Bc3 Ba6 56. c5 1-0

[Event "Karlsruhe Grenke op"]
[Site "Karlsruhe"]
[Date "2018.03.30"]
[Round "3"]
[White "Ider, Borya"]
[Black "Videnova, Iva"]
[Result "1/2-1/2"]
[WhiteElo "2505"]
[BlackElo "2323"]
[PlyCount "73"]
[EventDate "2018.03.29"]
[EventType "swiss"]
[EventRounds "9"]
[EventCountry "GER"]
[SourceTitle "CBM 183 Extra"]
[Source "ChessBase"]
[SourceDate "2018.04.19"]
[SourceVersion "1"]
[SourceVersionDate "2018.04.19"]
[SourceQuality "1"]

1. d4 Nf6 2. Bf4 g6 3. Nc3 d5 4. Nf3 Bg7 5. e3 0-0 6. Be2 c5 7. Ne5 Nfd7 8. Nxd7 Bxd7 9. dxc5 e5 10. Bg3 Bc6 11. 0-0 h5 12. h3 h4 13. Bh2 Na6 14. a4 Nxc5 15. b4 d4 16. exd4 exd4 17. bxc5 dxc3 18. Bf3 Qxd1 19. Rfxd1 Bxf3 20. gxf3 Rfd8 21. Bd6 Rac8 22. Rab1 Rd7 23. Kf1 Rc6 24. Ke2 b6 25. cxb6 axb6 26. Bf4 Rxd1 27. Rxd1 Rc4 28. Be3 Rxa4 29. Bxb6 Ra6 30. Be3 Bf6 31. Rb1 Kg7 32. Kd3 Ra5 33. Ke4 Re5+ 34. Kd3 Rf5 35. Ke4 Re5+ 36. Kd3 Rf5 37. Ke4 1/2-1/2

[Event "Belgrade (Women) 50th"]
[Site "Belgrade"]
[Date "2018.03.10"]
[Round "8"]
[White "Gajcin, Marina"]
[Black "Videnova, Iva"]
[Result "0-1"]
[WhiteElo "2295"]
[BlackElo "2323"]
[PlyCount "130"]
[EventDate "2018.03.03"]
[EventType "tourn"]
[EventRounds "11"]
[EventCountry "SRB"]
[EventCategory "1"]
[SourceTitle "CBM 183 Extra"]
[Source "ChessBase"]
[SourceDate "2018.04.19"]
[SourceVersion "1"]
[SourceVersionDate "2018.04.19"]
[SourceQuality "1"]

1. e4 c5 2. Nf3 e6 3. c3 Nf6 4. Bd3 d5 5. e5 Nfd7 6. Bc2 c4 7. 0-0 Nc6 8. Qe2 Be7 9. b3 b5 10. d4 cxd3 11. Bxd3 b4 12. Bb5 Bb7 13. cxb4 Nxb4 14. a3 Nc6 15. Bf4 0-0 16. Nbd2 a6 17. Bxc6 Bxc6 18. Nd4 Bb7 19. Rfc1 Rc8 20. b4 Nb6 21. N2b3 Nc4 22. Qg4 Re8 23. Rc3 f5 24. Qh5 g6 25. Rg3 Bf8 26. Nc5 Rxc5 27. bxc5 Bg7 28. Qe2 Qh4 29. Rf3 g5 30. Rb1 Bc8 31. Be3 Bxe5 32. Rh3 Qe4 33. Rd1 f4 34. Qh5 Qg6 35. Qxg6+ hxg6 36. Bc1 Bxd4 37. Rxd4 e5 38. Rxd5 Bxh3 39. gxh3 Kf7 40. Rd7+ Ke6 41. Rd3 Rc8 42. f3 Rxc5 43. a4 Nb6 44. Ba3 Rd5 45. Rc3 Rd1+ 46. Kf2 Kd5 47. Rc5+ Kd4 48. Rc6 Nc4 49. Rxa6 Rd2+ 50. Ke1 Rxh2 51. Rxg6 Nxa3 52. Rxg5 Nc2+ 53. Kf1 Ne3+ 54. Kg1 Rxh3 55. Kf2 Rh2+ 56. Kg1 Ra2 57. Rg8 Rxa4 58. Rd8+ Nd5 59. Kf2 Ra2+ 60. Kf1 e4 61. fxe4 Kxe4 62. Re8+ Kf3 63. Re1 Rg2 64. Re5 Ne3+ 65. Ke1 Re2# 0-1